Effect of exploitation methods on biomass production, harvest index and yield in Hevea (Record no. 50560)

MARC details
000 -LEADER
fixed length control field 00554nam a2200157Ia 4500
100 ## - MAIN ENTRY--AUTHOR NAME
Personal name George M.J.
245 #0 - TITLE STATEMENT
Title Effect of exploitation methods on biomass production, harvest index and yield in Hevea
260 ## - PUBLICATION, DISTRIBUTION, ETC. (IMPRINT)
Name of publisher Placrosym V, 1982, Kasaragod, India. (Ed. K.V. Ahmed Bavappa). Indian Society for Plantation Crops, Kasaragod, India, pp. 235-239.
Year of publication 1984
650 ## - SUBJECT ADDED ENTRY--TOPICAL TERM
Topical Term Biomass
650 ## - SUBJECT ADDED ENTRY--TOPICAL TERM
Topical Term Exploitation system
650 ## - SUBJECT ADDED ENTRY--TOPICAL TERM
Topical Term Yield
700 ## - ADDED ENTRY--PERSONAL NAME
Personal name Satheesan K.V.
700 ## - ADDED ENTRY--PERSONAL NAME
Personal name Sethuraj M.R.
942 ## - ADDED ENTRY ELEMENTS (KOHA)
Koha item type Bibliography STAF
Holdings
Withdrawn status Lost status Damaged status Not for loan Home library Current library Shelving location Date acquired Koha item type
      Bibliography RRII Library RRII Library Physiology 09/04/2014 Bibliography STAF